| 000 | 00817nam a22002297a 4500 | ||
|---|---|---|---|
| 999 |
_c15653 _d15653 |
||
| 003 | MIRAKIL | ||
| 005 | 20240315100234.0 | ||
| 008 | 240315b tu ||||| |||| 00| 0 tur d | ||
| 020 | _a9789751755056 | ||
| 040 |
_aTR-AnCHP _cTR-AnCHP |
||
| 041 | _atur | ||
| 082 |
_a297.21 _bZ94ç 2023 |
||
| 100 | _aZülfikar, Hamza | ||
| 245 | 1 | 0 |
_aÇağatayca Kur'an tefsiri : _b(yazılışı: 950/1544) : (dil bilgisi incelemesi-metin) / _cHamza Zülfikar. |
| 260 |
_aAnkara: _bTDK, _c2023. |
||
| 300 |
_a272 s. ; _c24 cm. |
||
| 490 | 0 |
_aAtatürk Kültür, Dil ve Tarih Yüksek Kurumu Türk Dil Kurumu Yayınları; _v1519. |
|
| 504 | _aKaynakça: 265-272 ss. | ||
| 650 | 0 |
_95190 _aKur'an-ı Kerim _xÇağatayca |
|
| 856 | _zDijital Nüshası için Partimizin Kütüphane Sorumlusu ile iletişime geçiniz. | ||
| 942 |
_2ddc _cBKS |
||